00339nam a2200109Ia 4500008004100000100002000041245004100061500008500102650001800187942000700205999001700212181011s9999 xx 000 0 und d aKhadim Al-Masih 0aSecularising trends in west pakistan a"The Bulletin of the Henry Martyn Institute of Islamic Studies, Jan -April 1971" aIslam in Asia cBR c22102d22102